| 000 | 00667nam a2200193Ia 4500 | ||
|---|---|---|---|
| 003 | GCL | ||
| 008 | 140319s9999 xx 000 0 ara d | ||
| 040 |
_aGCL / _cGCL |
||
| 082 | 0 | 4 |
_a709.04 _bا ف |
| 100 | 1 | _aاوليفا، اشيلى بونيتو | |
| 245 | 1 | 0 |
_aالفن الحديث - الفن حتى سنة 2000 / _cاوليفا، اشيلى بونيتو |
| 260 |
_aالقاهرة : _bالمعهد الثقافى الايطالى ، _c2000 |
||
| 300 |
_a76 ص ؛ _c24 سم |
||
| 650 | 0 | 4 | _aالواقعية فى الفن |
| 650 | 0 | 4 | _aالفن الحديث |
| 650 | 0 | 4 | _aالفن - فلسفة |
| 650 | 0 | 4 | _aالمثالية فى الفن |
| 942 |
_2ddc _cBK |
||
| 999 |
_c56670 _d56670 |
||